Ten Lectures on Diachronic Construction Grammar (Record no. 96982)
[ view plain ]
| 000 -LEADER | |
|---|---|
| fixed length control field | 01893nam a2200241Ii 4500 |
| 008 - FIXED-LENGTH DATA ELEMENTS--GENERAL INFORMATION | |
| fixed length control field | 221202s xx 000 0 und d |
| 100 1# - MAIN ENTRY--PERSONAL NAME | |
| Personal name | Hilpert, Martin, |
| Relator term | author |
| 245 #0 - TITLE STATEMENT | |
| Title | Ten Lectures on Diachronic Construction Grammar |
| 264 ## - PRODUCTION, PUBLICATION, DISTRIBUTION, MANUFACTURE, AND COPYRIGHT NOTICE | |
| Name of producer, publisher, distributor, manufacturer | Brill |
| Date of production, publication, distribution, manufacture, or copyright notice | 2021 |
| 300 ## - PHYSICAL DESCRIPTION | |
| Extent | 1 online resource (292 pages) |
| 336 ## - CONTENT TYPE | |
| Content type term | text |
| Content type code | txt |
| Source | rdacontent |
| 337 ## - MEDIA TYPE | |
| Media type term | computer |
| Media type code | c |
| Source | rdamedia |
| 338 ## - CARRIER TYPE | |
| Carrier type term | online resource |
| Carrier type code | cr |
| Source | rdacarrier |
| 490 ## - SERIES STATEMENT | |
| Series statement | Distinguished Lectures in Cognitive Linguistics |
| Volume/sequential designation | 26 |
| 520 ## - SUMMARY, ETC. | |
| Summary, etc. | In this book, Martin Hilpert lays out how Construction Grammar can be applied to the study of language change. In a series of ten lectures on Diachronic Construction Grammar, the book presents the theoretical foundations, open questions, and methodological approaches that inform the constructional analysis of diachronic processes in language. The lectures address issues such as constructional networks, competition between constructions, shifts in collocational preferences, and differentiation and attraction in constructional change. The book features analyses that utilize modern corpus-linguistic methodologies and that draw on current theoretical discussions in usage-based linguistics. It is relevant for researchers and students in cognitive linguistics, corpus linguistics, and historical linguistics.. Readership: The book is especially relevant for researchers and students in cognitive linguistics, corpus linguistics, and historical linguistics. |
| 653 ## - INDEX TERM--UNCONTROLLED | |
| Uncontrolled term | Historical And Comparative Linguistics & Linguistic Typology |
| 653 ## - INDEX TERM--UNCONTROLLED | |
| Uncontrolled term | Languages And Linguistics |
| 653 ## - INDEX TERM--UNCONTROLLED | |
| Uncontrolled term | Morphology & Syntax |
| 653 ## - INDEX TERM--UNCONTROLLED | |
| Uncontrolled term | Psycholinguistics & Language And Cognition |
| 653 ## - INDEX TERM--UNCONTROLLED | |
| Uncontrolled term | Semantics |
| 856 ## - ELECTRONIC LOCATION AND ACCESS | |
| Uniform Resource Identifier | <a href="https://docs.google.com/spreadsheets/d/1yKIrdCPDAG_9c22mwoOIO2DOhtj65Wqa/edit?usp=sharing&ouid=106555315294820607512&rtpof=true&sd=true ">https://docs.google.com/spreadsheets/d/1yKIrdCPDAG_9c22mwoOIO2DOhtj65Wqa/edit?usp=sharing&ouid=106555315294820607512&rtpof=true&sd=true </a> |
| Link text | List of Curated E-Books |
| 942 ## - ADDED ENTRY ELEMENTS (KOHA) | |
| Koha item type | E-Book |
No items available.